El consentimiento matrimonial: sus anomalías y vicios como causas de nulidad
Збережено в:
| Автор: | |
|---|---|
| Формат: | Книга |
| Мова: | Іспанська |
| Опубліковано: |
Barcelona
Ariel
1974
|
| Серія: | Biblioteca de Ciencia Jurídica
|
| Предмети: | |
| Теги: |
Додати тег
Немає тегів, Будьте першим, хто поставить тег для цього запису!
|
MARC
| LEADER | 00000nam a2200000 a 4500 | ||
|---|---|---|---|
| 001 | UCT7927 | ||
| 003 | CL-VaPUC | ||
| 008 | 970317e19740000SP |||||||||||||||||spa|d | ||
| 082 | 0 | 4 | |a 262.933 |b REI |2 21 |
| 100 | 0 | |a Reina, Víctor |e author |9 379242 | |
| 245 | 1 | 3 | |a El consentimiento matrimonial: sus anomalías y vicios como causas de nulidad |
| 300 | |a 227 p | ||
| 942 | |c BK | ||
| 945 | |d 19970317 00:00:00 |a paguirre | ||
| 260 | |a Barcelona |b Ariel |c 1974 | ||
| 650 | 7 | |a DERECHO CANONICO |2 CL-VaPUC |9 379243 | |
| 650 | 7 | |a MATRIMONIO |2 CL-VaPUC |9 379244 | |
| 650 | 7 | |a CONSENTIMIENTO PARA EL MATRIMONIO |2 CL-VaPUC |9 338827 | |
| 650 | 7 | |a NULIDAD DEL MATRIMONIO |2 CL-VaPUC |9 379245 | |
| 583 | |a last modification |c 19970317 00:00:00 |k Rodrigo Vera | ||
| 490 | 0 | |a Biblioteca de Ciencia Jurídica | |
| 999 | |c 256473 |d 256471 | ||
| 952 | |0 0 |1 0 |4 0 |6 262_933000000000000_REI_1974 |7 0 |8 A |9 279229 |a BIBDER |b BIBDER |d 2019-11-19 |i 1809741 |o 262.933 REI 1974 |p 1809741 |r 2023-01-25 |w 2019-11-19 |y BK |k DER | ||